| 000 -LEADER |
| fixed length control field |
00776nam a2200205Ia 4500 |
| 008 - FIXED-LENGTH DATA ELEMENTS--GENERAL INFORMATION |
| fixed length control field |
200103s 1977 ||||xx |||||||||||||| ||und|| |
| 020 ## - INTERNATIONAL STANDARD BOOK NUMBER |
| International Standard Book Number |
0713132329 |
| 082 ## - DEWEY DECIMAL CLASSIFICATION NUMBER |
| Classification number |
621.811 |
| Item number |
HAN |
| 100 ## - MAIN ENTRY--PERSONAL NAME |
| Personal name |
Hannah, John |
| 245 #0 - TITLE STATEMENT |
| Title |
Mechanics of machines: elementary theory and examples |
| 250 ## - EDITION STATEMENT |
| Edition statement |
3rd |
| 260 ## - PUBLICATION, DISTRIBUTION, ETC. (IMPRINT) |
| Name of publisher, distributor, etc |
Edward Arnold |
| Date of publication, distribution, etc |
1977 |
| Place of publication, distribution, etc |
London |
| 300 ## - PHYSICAL DESCRIPTION |
| Extent |
viii, 232 p.: ill. |
| 504 ## - BIBLIOGRAPHY, ETC. NOTE |
| Bibliography, etc |
Table of Contents<br/><br/>Dynamics<br/>Simple harmonic motion<br/>Velocity and acceleration<br/>Cams<br/>Crank effort diagrams<br/>Governors<br/>Balancing<br/>Friction<br/>Friction clutches<br/>Belt drives and band brakes<br/>Spur gearing<br/>Gear trains<br/>Appendix |
| 650 ## - SUBJECT ADDED ENTRY--TOPICAL TERM |
| Topical term or geographic name as entry element |
Machinery |
| 650 ## - SUBJECT ADDED ENTRY--TOPICAL TERM |
| Topical term or geographic name as entry element |
Mechanics, Applied |
| 650 ## - SUBJECT ADDED ENTRY--TOPICAL TERM |
| Topical term or geographic name as entry element |
Mechanical engineering |
| 700 ## - ADDED ENTRY--PERSONAL NAME |
| Personal name |
Stephens, R. C. |
| Relator term |
Co-author |
| 942 ## - ADDED ENTRY ELEMENTS (KOHA) |
| Item type |
Books |